00673nam a22002177b 4500003000500000005001700005008004100022020003000063040002400093041001400117082001500131100002800146245007800174260005300252300002300305490003400328655002200362655001600384655002100400700003400421322820260218125200.0260218b sa |||||d|||| 00| 1 AFR d a9781415017722 (paperback) aMPLbengc2000erda aAfrikaans 0aLP AF GORD aGordon, Abigaileauthor aStrandtroue in die somer /cAbigail Gordon ; vertaal deur Trudy Reinhardt aParklands :bJacklin Uitgewers ,c©2011,c2011. a187 pages :c21 cm aMills & Boon: Mediese Romanse 0aAfrikaans Fiction 0aLarge Print 0aHospital Romance aReinhardt, Trudy etranslator